Normal view
MARC view
Entry Topical Term
001 - CONTROL NUMBER
- control field: 2770
003 - CONTROL NUMBER IDENTIFIER
- control field: BD-RjUL
005 - DATE AND TIME OF LATEST TRANSACTION
- control field: 20220425154643.0
008 - FIXED-LENGTH DATA ELEMENTS
- fixed length control field: 220425|| aca||aabn | a|a d
040 ## - CATALOGING SOURCE
- Original cataloging agency: BD-RjUL
- Transcribing agency: BD-RjUL
150 ## - HEADING--TOPICAL TERM
- Topical term or geographic name entry element: সাহিত্যে বাস্তববাদ
670 ## - SOURCE DATA FOUND
- Source citation: Work cat.: (BD-RjUL)79541: হোসেন, মো. মোয়াজ্জেম 1815, বাংলার লোকসাহিত্যে বাস্তববাদী দর্শন চিন্তা /, ২০০৭